000
00229nam a2200097Ia 4500
008
190216s9999||||xx |||||||||||||| ||und||
100
_a
Vaikom Muhammad Basheer
245
0
_a
Sthalathe Pradana Divyan
260
_b
Null
942
_c
BK
999
_c
24513
_d
24513